Estudios en homenaje al profesor Pérez de Ayala

Αποθηκεύτηκε σε:
Λεπτομέρειες βιβλιογραφικής εγγραφής
Κύριοι συγγραφείς: Albiñana García-Quintana, César (Συγγραφέας), González García, Eusebio (Συγγραφέας), Ramallo Massanet, Juan (Συγγραφέας), Lejeune Valcárcel, Ernesto (Συγγραφέας), Yábar Sterling, Ana (Συγγραφέας)
Μορφή: Βιβλίο
Γλώσσα:Ισπανικά
Έκδοση: Madrid Dykinson 2007
Θέματα:
Ετικέτες: Προσθήκη ετικέτας
Δεν υπάρχουν, Καταχωρήστε ετικέτα πρώτοι!

MARC

LEADER 00000nam a2200000 a 4500
001 UCH9695
003 CL-VaPUC
008 100121e20070000SP |||||||||||||||||spa|d
020 |a 9788498490305 
082 0 4 |a 343.04  |b ALB  |2 21 
100 0 |a Albiñana García-Quintana, César  |e author  |9 546953 
700 0 |a González García, Eusebio  |e author  |9 546954 
700 0 |a Ramallo Massanet, Juan  |e author  |9 546955 
700 0 |a Lejeune Valcárcel, Ernesto  |e author  |9 546956 
700 0 |a Yábar Sterling, Ana  |e author  |9 546957 
245 1 0 |a Estudios en homenaje al profesor Pérez de Ayala 
300 |a 1110 p 
942 |c BK 
945 |d 20100121 00:00:00  |a rbrito 
260 |a Madrid  |b Dykinson  |c 2007 
600 0 7 |a PEREZ DE AYALA, JOSE LUIS  |2 CL-VaPUC  |9 546958 
650 0 |a Derecho tributario  |9 258895 
650 0 |a Impuestos  |9 255450 
650 0 |a Derecho comparado  |9 255664 
650 0 |a Derecho español  |9 255291 
583 |a last modification  |c 20100121 00:00:00  |k Rodrigo Vera 
999 |c 339611  |d 339609 
952 |0 0  |1 0  |4 0  |6 343_040000000000000_ALB_2007  |7 0  |8 A  |9 433341  |a BIBDER  |b BIBDER  |d 2019-11-22  |i 463554K  |l 7  |o 343.04 ALB 2007  |p 463554K  |r 2023-07-05  |s 2023-07-05  |w 2019-11-22  |y BK  |k DER